El habla del panameño /

সংরক্ষণ করুন:
গ্রন্থ-পঞ্জীর বিবরন
প্রধান লেখক: Tejeira, Gil Blas
বিন্যাস: অজ্ঞাত
ভাষা:Spanish
প্রকাশিত: Panamá : Ministerio de Educación, 1964.
বিষয়গুলি:
ট্যাগগুলো: ট্যাগ যুক্ত করুন
কোনো ট্যাগ নেই, প্রথমজন হিসাবে ট্যাগ করুন!

MARC

LEADER 000000000a22000000004500
001 002757
041 0 |a spa 
082 0 4 |a 467.986.2   |b T266h 
100 1 |a Tejeira, Gil Blas 
245 1 3 |a El habla del panameño /   |c Gil Blas Tejeira. 
260 1 |a Panamá :   |b Ministerio de Educación,   |c 1964. 
300 |a 171 páginas 
650 4 |a PANAMEÑISMOS 
999 |c 9115  |d 9115 
942 |c BK  |h 467.986.2 T266h  |2 z